| 000 | 00679nam a2200217Ia 4500 | ||
|---|---|---|---|
| 001 | 11866 | ||
| 003 | GE_BSU | ||
| 008 | 181216s||||||||xx |||||||||||||| ||und|| | ||
| 040 | _cGE_BSU | ||
| 245 | _aУспехи геронтологии. том 27. 5-6 июня №2 2014 | ||
| 245 | _bAdvances in gerontology | ||
| 245 | _cгл. ред. В.Н. Анисимов и др. | ||
| 260 | _aСанкт-Петербург | ||
| 260 | _bЭскулап | ||
| 260 | _c2014 | ||
| 300 | _a388стр.29см. | ||
| 653 | _aПериодика | ||
| 653 | _aУспехи геронтологии. том 27. 5-6 июня №2 2014 | ||
| 653 | _aპერიოდიკა | ||
| 942 | _cCR | ||
| 999 |
_c45045 _d45045 |
||